000 00531nam a2200181Ia 4500
008 090124s9999 xx 000 0 und d
082 _b105810
100 _aअदवंत म. ना.
245 _a नस्ते उपद्व्याप
250 _a1
260 _c1956
300 _a118
600 _aअदवंत म. ना.
630 _a नस्ते उपद्व्याप
700 _aअदवंत म. ना.
730 _a नस्ते उपद्व्याप
942 _cBOOK
999 _c151901
_d151901